000
00266nam a2200109Ia 4500
008
200302s9999 xx 000 0 und d
100
_a
Alexander Schilling
245
_a
Basics Modelbuilding
260
_b
Birkhauser Publications, Basel
260
_c
2007
300
_a
79
999
_c
4579
_d
4579